15 Categories: Letter 'E' Blitz Quiz Stats

 Plays Quiz Updated Feb 1, 2019

Score 0/15 Timer 01:00
10 Plays Today
Hint Answer % Correct
Three-letter body partEye (Ear)
97.7%
'King of Rock and Roll'Elvis
96%
PlanetEarth
88.3%
Great LakeErie
84%
Capital city of ScotlandEdinburgh
79.2%
Star Trek starship (or series)Enterprise
77.1%
Will Ferrell movieElf
73%
German for One (counting number)Eins
69.6%
Hint Answer % Correct
Deadly sinEnvy
63.5%
55th anniversary gemstoneEmerald
62.1%
US President SurnameEisenhower
59.8%
Premier League teamEverton
51.4%
Jane Austen novelEmma
45.1%
Risk country (Africa)Egypt
35.3%
Andrew Lloyd Webber musicalEvita
31.3%

You're not logged in!

Compare scores with friends on all Sporcle quizzes.
OR
Log In

Show Comments

Extras

Top Quizzes Today


Score Distribution

Your Account Isn't Verified!

In order to create a playlist on Sporcle, you need to verify the email address you used during registration. Go to your Sporcle Settings to finish the process.

Report this User

Report this user for behavior that violates our Community Guidelines.

Details: